| 000 | 00731nam a2200253Ia 4500 | ||
|---|---|---|---|
| 003 | GCL | ||
| 008 | 140319s9999 xx 000 0 ara d | ||
| 040 |
_aGCL / _cGCL |
||
| 082 | 0 | 4 |
_a113.2 _bر ن |
| 100 | 1 | _aريفز، هوبرت | |
| 245 | 1 | 0 |
_aنشأة وتطور الكون / _cريفز، هوبرت |
| 700 | 1 | _aهدى على جمال | |
| 260 |
_a[S.N] : _bدار المستقبل العربى ، _c1992 |
||
| 300 | _a355 ص | ||
| 490 |
_aالمكتبة العالمية _v0 |
||
| 650 | 0 | 4 | _aالفلسفة |
| 650 | 0 | 4 | _aالارض |
| 650 | 0 | 4 | _aالكون |
| 650 | 0 | 4 | _aالخلق |
| 650 | 0 | 4 | _aالكواكب |
| 650 | 0 | 4 | _aالكونيات |
| 650 | 0 | 4 | _aما وراء الطبيعة, علم |
| 942 |
_2ddc _cBK |
||
| 999 |
_c34306 _d34306 |
||